000 00520nam a2200181Ia 4500
008 090123s9999 xx 000 0 und d
082 _b7013
100 _aमंगळवेढेकर राजा
245 _aगोपी
250 _a1
260 _bइंद्रायणी साहित्य
300 _a64
600 _aमंगळवेढेकर राजा
630 _aगोपी
700 _aमंगळवेढेकर राजा
730 _aगोपी
942 _cBOOK
999 _c45078
_d45078